Parks Plants And People : Beautifying The Urban Landscape. (Record no. 83605)
[ view plain ]
| 000 -LEADER | |
|---|---|
| fixed length control field | 00372nam a2200145Ia 4500 |
| 008 - FIXED-LENGTH DATA ELEMENTS--GENERAL INFORMATION | |
| fixed length control field | 221201s9999 xx 000 0 und d |
| 020 ## - INTERNATIONAL STANDARD BOOK NUMBER | |
| International Standard Book Number | 9780393732030 |
| 041 ## - LANGUAGE CODE | |
| Language code of text/sound track or separate title | eng |
| 082 ## - DEWEY DECIMAL CLASSIFICATION NUMBER | |
| Classification number | 712.36 |
| 100 ## - MAIN ENTRY--PERSONAL NAME | |
| Personal name | Miller L B. |
| 9 (RLIN) | 106035 |
| 245 ## - TITLE STATEMENT | |
| Title | Parks Plants And People : Beautifying The Urban Landscape. |
| 260 ## - PUBLICATION, DISTRIBUTION, ETC. (IMPRINT) | |
| Name of publisher, distributor, etc. | W.W. Norton. |
| Date of publication, distribution, etc. | 2009 |
| 300 ## - PHYSICAL DESCRIPTION | |
| Extent | 206 |
| 906 ## - LOCAL DATA ELEMENT F, LDF (RLIN) | |
| b | 2779.218 |
| Withdrawn status | Lost status | Damaged status | Not for loan | Collection code | Home library | Current library | Date acquired | Vendor | Cost, normal purchase price | Full call number | Barcode | Date last seen | Cost, replacement price | Bill Date | Koha item type | Original Barcode |
|---|---|---|---|---|---|---|---|---|---|---|---|---|---|---|---|---|
| Book of B Arch | Dr. Bhanuben Nanavati College of Architecture | Dr. Bhanuben Nanavati College of Architecture | 15/11/2022 | Scientific Book | 2779.22 | 712.36 MIL | BNCA-BK-12060 | 01/12/2022 | 4275.72 | 01/12/2022 | Reference book | B12060 |